Nhận diện truyện cổ tích loài vật và truyện ngụ ngôn trong truyện cổ nước Nam của Nguyễn Văn Ngọc : Luận văn Thạc sĩ. Chuyên ngành Văn học Việt Nam

Khái quát chung về truyện cổ tích loài vật và truyện ngụ ngôn, nhận diện truyện cổ tích loài vật và truyện ngụ ngôn trong "Truyện cổ nước Nam" của Nguyễn Văn Ngọc phần chim muông qua các lớp truyện và đặc điểm nội dung....

Szczegółowa specyfikacja

Zapisane w:
Opis bibliograficzny
1. autor: Lê, Hoàng Tho
Format: Książka
Język:Undetermined
Wydane: Cần Thơ Trường Đại học Cần Thơ 2018
Hasła przedmiotowe:
Etykiety: Dodaj etykietę
Nie ma etykietki, Dołącz pierwszą etykiete!
Thư viện lưu trữ: Trung tâm Học liệu Trường Đại học Cần Thơ
LEADER 01216nam a2200217Ia 4500
001 CTU_228114
008 210402s9999 xx 000 0 und d
082 |a 398.209597 
082 |b Th400 
088 |a 8220121 
100 |a Lê, Hoàng Tho 
245 0 |a Nhận diện truyện cổ tích loài vật và truyện ngụ ngôn trong truyện cổ nước Nam của Nguyễn Văn Ngọc : 
245 0 |b Luận văn Thạc sĩ. Chuyên ngành Văn học Việt Nam 
245 0 |c Lê Hoàng Tho ; Lê Thị Diệu Hà (Cán bộ hướng dẫn) 
260 |a Cần Thơ 
260 |b Trường Đại học Cần Thơ 
260 |c 2018 
520 |a Khái quát chung về truyện cổ tích loài vật và truyện ngụ ngôn, nhận diện truyện cổ tích loài vật và truyện ngụ ngôn trong "Truyện cổ nước Nam" của Nguyễn Văn Ngọc phần chim muông qua các lớp truyện và đặc điểm nội dung. 
650 |a Folk literature, Vietnamese,Văn học dân gian Việt Nam 
910 |b nthai 
980 |a Trung tâm Học liệu Trường Đại học Cần Thơ